|
|
|
|
| LEADER |
00000nkm a2200000 a 4500 |
| 001 |
vtls010859688 |
| 003 |
SK-MaSNL |
| 005 |
20260331211032.0 |
| 007 |
kf bo |
| 008 |
231214s1966 xo g 00 kuslo |
| 015 |
|
|
|a SNBG
|
| 035 |
|
|
|a 50510157-E8D8-4227-8074-1C23CB91BCCB
|
| 035 |
|
|
|a urn:nbn:sk:snk-kmxznm
|
| 035 |
|
|
|a urn:nbn:sk:snk-km007cb4
|
| 040 |
|
|
|a SNK
|b slo
|c SNK
|e AACR2
|
| 041 |
0 |
|
|a slo
|
| 043 |
|
|
|a e-xo---
|
| 044 |
|
|
|a xo
|c SK
|
| 080 |
|
|
|a 908(437.6)
|2 2001
|
| 080 |
|
|
|a (089.7)
|2 2001
|
| 080 |
|
|
|a (234.372.4)
|2 2008
|
| 080 |
|
|
|a (437.6-17)
|2 2001
|
| 080 |
|
|
|a 728.61
|2 2001
|
| 100 |
1 |
|
|a Sitenský, Ladislav,
|d 1919-2009
|4 pht
|9 133652
|
| 245 |
1 |
0 |
|a Vysoké Tatry
|h grafika
|b Popradské pleso (1513 m) s chatou kpt. Morávku : vľavo Satan (2432 m), uprostred Kôprovský štít (2370 m), vpravo štít Oľgy (2212 m)
|c Foto Ladislav Sitenský
|
| 260 |
|
|
|a [Bratislava]
|b VPL
|c 1966
|
| 300 |
|
|
|a 1 pohľadnica
|b čiernobiela
|c 11x15 cm
|
| 650 |
0 |
7 |
|a chaty
|2 SNKPH
|9 29339
|
| 651 |
|
7 |
|a Vysoké Tatry (Poľsko a Slovensko : pohorie)
|2 SNKPHgeo
|9 67729
|
| 651 |
|
7 |
|a Popradské pleso (Vysoké Tatry, Slovensko)
|2 SNKPH
|9 160482
|
| 655 |
|
7 |
|a miestne pohľadnice
|2 SNKPH
|9 70510
|
| 852 |
|
|
|a Slovenská národná knižnica
|
| 958 |
|
|
|a GC
|
| 958 |
|
|
|a GBN
|
| 958 |
|
|
|a OND
|
| 999 |
|
|
|c 671413
|d 673343
|
| 952 |
|
|
|a SNK
|b SNK
|y PREZ
|7 0
|p 17A1078808
|o snkSP 1212
|0 0
|1 0
|4 0
|d 2015-08-11
|f 1
|l 0
|r 2026-02-23 19:26:46
|w 2026-02-23
|